| 000 | 00680cam a22002411 4500 | ||
|---|---|---|---|
| 001 | 32168 | ||
| 003 | BD-RjUL | ||
| 005 | 20211209051810.0 | ||
| 008 | 140424s1955 nyu 000 0 eng | ||
| 035 | _a(BD-RjUL)32257 | ||
| 040 |
_aDLC _cF _dOCoLC _dBD-RjUL _beng |
||
| 041 | _aeng | ||
| 082 |
_a296 _bMID 1955 |
||
| 100 | 1 |
_aRibalow, Harold Uriel, _d1919- _997901 |
|
| 245 | 1 | 0 |
_aMid-century : _ban anthology of Jewish life and culture in our times / |
| 260 |
_aNew York : _bBeechhurst Press , _c1955 |
||
| 300 |
_a598 p. : _c24 cm. |
||
| 650 | 0 |
_aJews _zUnited States. _997902 |
|
| 650 | 0 |
_aJews. _997903 |
|
| 942 |
_2ddc _cBK |
||
| 999 |
_c32168 _d32168 |
||